banner koha

Particle size and cholesterol content of a mayonnaise formulated by OSA-modified potato starch (Registro n. 243817)

MARC details
000 -LÍDER
campo de controle de tamanho fixo 01034nas a2200337 4500
001 - NÚMERO DE CONTROLE
campo de controle BR2015002838
003 - IDENTIFICADOR DO NÚMERO DE CONTROLE
campo de controle BR-BrBNA
005 - DATA E HORÁRIO DA ÚLTIMA TRANSAÇÃO
campo de controle 20231205125328.0
007 - CAMPO FIXO DE DESCRIÇÃO FÍSICA--INFORMAÇÃO GERAL
campo de controle de tamanho fixo ta
008 - CAMPO DE DADOS FIXOS--INFORMAÇÃO GERAL
campo de controle de tamanho fixo 230509b bl.|||p| |||| 00| 00por d
040 ## - FONTE DA CATALOGAÇÃO
Instituição da catalogação original BR-BrBNA
Idioma da catalogação por
Instituição que transcreveu o registro Biblioteca Nacional de Agricultura
041 ## - CÓDIGO DE IDIOMA
Código do idioma do texto/trilha sonora ou título diferente (En)
072 ## - CÓDIGO DE CATEGORIA DE ASSUNTO
Código de Categoria de Assunto Q04
100 1# - ENTRADA PRINCIPAL--NOME PESSOAL
Nome pessoal Ghazaei, S.
100 1# - ENTRADA PRINCIPAL--NOME PESSOAL
Nome pessoal Mizani, M.
100 1# - ENTRADA PRINCIPAL--NOME PESSOAL
Nome pessoal Piravi-Vanak, Z.
100 1# - ENTRADA PRINCIPAL--NOME PESSOAL
Nome pessoal Alimi, M.
110 1# - ENTRADA PRINCIPAL--NOME CORPORATIVO
Nome corporativo ou nome da jurisdição <br/>
245 1# - TÍTULO
Título Particle size and cholesterol content of a mayonnaise formulated by OSA-modified potato starch
650 ## - ASSUNTO--TERMO TÓPICO
Cabeçalho tópico ou nome geográfico ALIMENTO PREPARADO
650 ## - ASSUNTO--TERMO TÓPICO
Cabeçalho tópico ou nome geográfico MAIONESE
650 ## - ASSUNTO--TERMO TÓPICO
Cabeçalho tópico ou nome geográfico AMIDO
650 ## - ASSUNTO--TERMO TÓPICO
Cabeçalho tópico ou nome geográfico BATATA
650 ## - ASSUNTO--TERMO TÓPICO
Cabeçalho tópico ou nome geográfico PROPRIEDADE REOLOGICA
650 ## - ASSUNTO--TERMO TÓPICO
Cabeçalho tópico ou nome geográfico COLESTEROL
650 ## - ASSUNTO--TERMO TÓPICO
Cabeçalho tópico ou nome geográfico ANALISE DE ALIMENTO
773 0# - ENTRADA ANALÍTICA
Título Ciência e Tecnologia de Alimentos (Brazil)
ISSN - International Standard Serial Number ISSN 1678-457X
Partes relacionadas (Jan-Mar 2015), v. 35(1) p. 150-156
Número de controle do registro BR2015002838
856 40 - LOCALIZAÇÃO ELETRÔNICA E ACESSO
Uniform Resource Identifier <a href="http://www.scielo.br/pdf/cta/v35n1/0101-2061-cta-35-1-150.pdf">http://www.scielo.br/pdf/cta/v35n1/0101-2061-cta-35-1-150.pdf</a>
909 ## -
-- 202311
-- Lúcia
-- 55
-- Lúcia Elande
942 ## - ELEMENTOS DE ENTRADA ADICIONADOS (KOHA)
Fonte da classificação ou esquema de arquivamento na estante Classificação AGRIS
Ocultar no OPAC Não
Tipo de material Koha Analítica
Exemplares
Situação do descarte Fonte da classificação ou esquema de arquivamento na estante Situação física Não pode ser emprestado Biblioteca de origem Biblioteca atual Localização na estante Enumeração do periódico / cronologia Total de empréstimos Data de último acesso Número do exemplar Tipo de material Koha Fonte de aquisição
  Classificação AGRIS   Consulta local Biblioteca Nacional de Agricultura - Binagri Biblioteca Nacional de Agricultura - Binagri   (Jan-Mar 2015), v. 35(1) p. 150-156   29/11/2023 01 Periódicos Portaria Interministerial nº 164/94

BINAGRI

Telefone: (61)3218-2567/2388/3357/2097 - binagri@agro.gov.br

Ministério da Agricultura e Pecuária , Esplanada dos Ministérios, Bloco D, Anexo B, Brasília/DF, CEP: 70.043-900